| 000 | 00665nam a2200253Ia 4500 | ||
|---|---|---|---|
| 001 | 11042 | ||
| 003 | GE_BSU | ||
| 008 | 181216s||||||||xx |||||||||||||| ||und|| | ||
| 020 | _a9789851504646 | ||
| 040 | _cGE_BSU | ||
| 080 | _a159.9 | ||
| 100 | _aМайерс,Дэвид. | ||
| 245 | _aПсихология. | ||
| 245 | _cПер. с англ.И.А.Карпиков,В.А.Старовойтова. | ||
| 250 | _a3-е изд. | ||
| 260 | _aМинск | ||
| 260 | _bПопури. | ||
| 260 | _c2008. | ||
| 300 | _a848стр,илл,25см. | ||
| 541 | _h55л. | ||
| 653 | _aПсихология. | ||
| 653 | _aფსიქოლოგია | ||
| 942 | _cBK | ||
| 999 |
_c44284 _d44284 |
||